Kiểm soát thời gian : Chu toàn mọi việc = The time trap : The classic book on time management

সংরক্ষণ করুন:
গ্রন্থ-পঞ্জীর বিবরন
প্রধান লেখক: Mackenzie, Alec
বিন্যাস: গ্রন্থ
ভাষা:Undetermined
প্রকাশিত: Thanh Hóa Lao động - Xã hội 2012
বিষয়গুলি:
ট্যাগগুলো: ট্যাগ যুক্ত করুন
কোনো ট্যাগ নেই, প্রথমজন হিসাবে ট্যাগ করুন!
Thư viện lưu trữ: Trung tâm Học liệu Trường Đại học Cần Thơ
LEADER 00706nam a2200205Ia 4500
001 CTU_177369
008 210402s9999 xx 000 0 und d
020 |c 99000 
082 |a 658.4093 
082 |b M156 
100 |a Mackenzie, Alec 
245 0 |a Kiểm soát thời gian : 
245 0 |b Chu toàn mọi việc = The time trap : The classic book on time management 
245 0 |c Alec Mackenzie, Pat Nickerson ; Quốc Đạt dịch 
260 |a Thanh Hóa 
260 |b Lao động - Xã hội 
260 |c 2012 
650 |a Quản trị thời gian,Time management,Business management 
904 |i Trọng Hiếu 
980 |a Trung tâm Học liệu Trường Đại học Cần Thơ